Statistics for Philadelphia 76ers 2000's Starters

Click here to take the quiz!

General Stats

  • This quiz has been taken 89 times
  • The average score is 8 of 21

Answer Stats

PlayerStarts% Correct
Allen Iverson7
100%
Dikembe Mutombo1
92%
Andre Iguodala5
81%
Eric Snow5
79%
Aaron McKie1
57%
Samuel Dalembert6
49%
Tyrone Hill2
49%
Theo Ratliff2
48%
Chris Webber1
44%
Kyle Korver2
39%
Thaddeus Young1
35%
Willie Green3
28%
Andre Miller3
27%
Derrick Coleman2
23%
George Lynch2
23%
Keith Van Horn1
16%
Kenny Thomas2
16%
Glenn Robinson1
13%
Matt Harpring1
5%
Reggie Evans1
4%
Steven Hunter1
1%

Score Distribution

Percentile by Number Answered

Percent of People with Each Score

Your Score History

You have not taken this quiz